[Event "DEM U18 2018"]
[Site "Willingen GER"]
[Date "2018.05.26"]
[Round "9"]
[White "Niermann, Tristan"]
[Black "Schneider, Jana"]
[Result "1-0"]
[Termination "normal"]
[Board "6"]
[WhiteTitle "FM"]
[BlackTitle "FM"]
[WhiteElo "2327"]
[BlackElo "2214"]
[WhiteClock "00:12:25"]
[BlackClock "00:21:47"]
[PlyCount "119"]
[WhiteFideId "12990698"]
[BlackFideId "12924997"]
[EventCountry "GER"]
[EventRounds "9"]
[EventType "swiss"]
[EventDate "2018.05.19"]

1. d4 {[%clk 1:30:58]} 1... d5 {[%clk 1:30:54]} 2. c4 {[%clk 1:31:24]} 2... e6
{[%clk 1:31:19]} 3. Nf3 {[%clk 1:31:50]} 3... a6 {[%clk 1:31:39]} 4. g3 { [%clk
1:30:16]} 4... dxc4 {[%clk 1:31:57]} 5. Bg2 {[%clk 1:30:39]} 5... b5 { [%clk
1:32:17]} 6. Ne5 {[%clk 1:25:11]} 6... c6 {[%clk 1:32:35]} 7. Nxc6 { [%clk
1:21:28]} 7... Qb6 {[%clk 1:32:52]} 8. Ne5 {[%clk 1:19:04]} 8... Bb7 { [%clk
1:33:04]} 9. O-O {[%clk 1:15:51]} 9... Bxg2 {[%clk 1:31:58]} 10. Kxg2 { [%clk
1:16:17]} 10... Nf6 {[%clk 1:31:10]} 11. Nc3 {[%clk 1:11:39]} 11... Nc6 { [%clk
1:26:43]} 12. Nxc6 {[%clk 1:03:45]} 12... Qxc6+ {[%clk 1:27:05]} 13. f3 { [%clk
1:03:59]} 13... Rd8 {[%clk 1:23:38]} 14. e4 {[%clk 0:53:11]} 14... Bc5 { [%clk
1:16:11]} 15. Be3 {[%clk 0:52:23]} 15... O-O {[%clk 1:14:25]} 16. Ne2 { [%clk
0:46:35]} 16... Rd7 {[%clk 1:08:59]} 17. Qc2 {[%clk 0:39:10]} 17... Bb6 { [%clk
1:08:26]} 18. Rfc1 {[%clk 0:36:34]} 18... Rc8 {[%clk 1:05:27]} 19. b3 { [%clk
0:30:32]} 19... Ne8 {[%clk 0:57:26]} 20. bxc4 {[%clk 0:23:13]} 20... bxc4
{[%clk 0:57:29]} 21. Rab1 {[%clk 0:22:23]} 21... Ba5 {[%clk 0:53:12]} 22. Nf4 {
[%clk 0:19:40]} 22... c3 {[%clk 0:42:21]} 23. Nd3 {[%clk 0:11:52]} 23... Rb7 {
[%clk 0:39:08]} 24. Rxb7 {[%clk 0:11:59]} 24... Qxb7 {[%clk 0:39:32]} 25. Qb3 {
[%clk 0:10:50]} 25... Qc7 {[%clk 0:30:45]} 26. Nc5 {[%clk 0:09:53]} 26... Rb8 {
[%clk 0:29:00]} 27. Qa4 {[%clk 0:09:45]} 27... Qb6 {[%clk 0:21:59]} 28. Bf4 {
[%clk 0:07:31]} 28... Rc8 {[%clk 0:17:35]} 29. a3 {[%clk 0:06:16]} 29... Qb2+ {
[%clk 0:08:25]} 30. Rc2 {[%clk 0:06:30]} 30... Qb5 {[%clk 0:06:46]} 31. Qxb5 {
[%clk 0:06:10]} 31... axb5 {[%clk 0:07:11]} 32. Kf2 {[%clk 0:05:23]} 32... h6 {
[%clk 0:05:04]} 33. Ke2 {[%clk 0:05:15]} 33... g5 {[%clk 0:04:38]} 34. Bc1 {
[%clk 0:04:35]} 34... Nd6 {[%clk 0:03:41]} 35. Nb3 {[%clk 0:03:57]} 35... Nc4 {
[%clk 0:02:40]} 36. Kd3 {[%clk 0:03:33]} 36... b4 {[%clk 0:01:29]} 37. Nxa5 {
[%clk 0:02:51]} 37... Nxa5 {[%clk 0:01:37]} 38. axb4 {[%clk 0:02:42]} 38... Nc6
{[%clk 0:01:57]} 39. Rxc3 {[%clk 0:01:22]} 39... Nxb4+ {[%clk 0:02:14]} 40. Kd2
{[%clk 0:01:44]} 40... Rxc3 {[%clk 0:00:58]} 41. Kxc3 {[%clk 0:29:07]} 41...
Na2+ {[%clk 0:30:44]} 42. Kd2 {[%clk 0:27:26]} 42... Nb4 {[%clk 0:28:26]} 43.
Ba3 {[%clk 0:24:40]} 43... Nc6 {[%clk 0:28:36]} 44. Kd3 {[%clk 0:23:11]} 44...
f5 {[%clk 0:25:59]} 45. g4 {[%clk 0:19:40]} 45... fxg4 {[%clk 0:26:03]} 46.
fxg4 {[%clk 0:20:05]} 46... Nb8 {[%clk 0:26:03]} 47. d5 {[%clk 0:17:21]} 47...
exd5 {[%clk 0:26:01]} 48. exd5 {[%clk 0:17:46]} 48... Nd7 {[%clk 0:25:53]} 49.
Bb2 {[%clk 0:15:23]} 49... Kf7 {[%clk 0:25:21]} 50. Kc4 {[%clk 0:15:02]} 50...
Ke7 {[%clk 0:24:02]} 51. Bg7 {[%clk 0:13:17]} 51... Kf7 {[%clk 0:24:09]} 52.
Ba1 {[%clk 0:13:23]} 52... Ke7 {[%clk 0:22:19]} 53. h3 {[%clk 0:12:08]} 53...
Kf7 {[%clk 0:21:31]} 54. Kb5 {[%clk 0:12:00]} 54... Nf8 {[%clk 0:21:47]} 55.
Kc6 {[%clk 0:12:07]} 55... Ng6 {[%clk 0:21:56]} 56. d6 {[%clk 0:11:49]} 56...
Nf4 {[%clk 0:21:43]} 57. d7 {[%clk 0:11:32]} 57... Ne6 {[%clk 0:21:54]} 58. Kb7
{[%clk 0:11:49]} 58... Kf8 {[%clk 0:21:23]} 59. Kc8 {[%clk 0:12:06]} 59... Ke7
{[%clk 0:21:47]} 60. Bb2 {[%clk 0:12:25]} 1-0

[Event "DEM U18 2018"]
[Site "Willingen GER"]
[Date "2018.05.26"]
[Round "9"]
[White "Muckle, Julius"]
[Black "Polster, Christian"]
[Result "0-1"]
[Termination "normal"]
[Board "7"]
[WhiteTitle "FM"]
[BlackTitle "FM"]
[WhiteElo "2344"]
[BlackElo "2289"]
[WhiteClock "00:01:22"]
[BlackClock "00:20:47"]
[PlyCount "47"]
[WhiteFideId "12942430"]
[BlackFideId "12965081"]
[EventCountry "GER"]
[EventRounds "9"]
[EventType "swiss"]
[EventDate "2018.05.19"]

1. d4 {[%clk 1:30:58]} 1... Nf6 {[%clk 1:30:47]} 2. c4 {[%clk 1:31:24]} 2... e6
{[%clk 1:31:12]} 3. Nc3 {[%clk 1:31:50]} 3... Bb4 {[%clk 1:31:36]} 4. e3 {
[%clk 1:32:18]} 4... b6 {[%clk 1:31:42]} 5. Bd3 {[%clk 1:32:00]} 5... Bb7 {
[%clk 1:31:45]} 6. Nf3 {[%clk 1:32:24]} 6... Ne4 {[%clk 1:31:09]} 7. Qc2 {
[%clk 1:26:29]} 7... f5 {[%clk 1:29:20]} 8. O-O {[%clk 1:25:54]} 8... Bxc3 {
[%clk 1:19:49]} 9. bxc3 {[%clk 1:25:29]} 9... O-O {[%clk 1:18:48]} 10. Nd2 {
[%clk 1:25:13]} 10... Nxd2 {[%clk 1:17:11]} 11. Bxd2 {[%clk 1:24:43]} 11... Nc6
{[%clk 1:16:00]} 12. e4 {[%clk 1:10:33]} 12... Qf6 {[%clk 1:13:06]} 13. Rae1 {
[%clk 1:01:11]} 13... Ne7 {[%clk 1:04:54]} 14. d5 {[%clk 0:49:59]} 14... Ng6 {
[%clk 0:50:39]} 15. exf5 {[%clk 0:35:40]} 15... exf5 {[%clk 0:49:25]} 16. Be3 {
[%clk 0:31:51]} 16... Qf7 {[%clk 0:46:48]} 17. Bd4 {[%clk 0:24:44]} 17... Nf4 {
[%clk 0:44:50]} 18. Re3 {[%clk 0:21:50]} 18... Nxd3 {[%clk 0:42:35]} 19. Qxd3 {
[%clk 0:21:58]} 19... c6 {[%clk 0:41:38]} 20. Rfe1 {[%clk 0:12:58]} 20... Rae8
{[%clk 0:40:47]} 21. h3 {[%clk 0:09:53]} 21... Rxe3 {[%clk 0:25:37]} 22. Rxe3 {
[%clk 0:02:44]} 22... f4 {[%clk 0:21:37]} 23. Rf3 {[%clk 0:01:22]} 23... Qe7 {
[%clk 0:20:47]} 24. d6 0-1

[Event "DEM U18 2018"]
[Site "Willingen GER"]
[Date "2018.05.26"]
[Round "9"]
[White "Herbrig, Alexander"]
[Black "Degenhard, Simon"]
[Result "1/2-1/2"]
[Termination "normal"]
[Board "8"]
[BlackTitle "FM"]
[WhiteElo "2270"]
[BlackElo "2189"]
[WhiteClock "00:26:24"]
[BlackClock "00:51:33"]
[PlyCount "45"]
[WhiteFideId "12952044"]
[BlackFideId "12944017"]
[EventCountry "GER"]
[EventRounds "9"]
[EventType "swiss"]
[EventDate "2018.05.19"]

1. e4 {[%clk 1:30:57]} 1... e6 {[%clk 1:30:53]} 2. d4 {[%clk 1:31:17]} 2... d5
{[%clk 1:31:17]} 3. Nc3 {[%clk 1:31:42]} 3... Nf6 {[%clk 1:31:37]} 4. Bg5 {
[%clk 1:31:57]} 4... dxe4 {[%clk 1:31:56]} 5. Nxe4 {[%clk 1:32:14]} 5... Be7 {
[%clk 1:32:24]} 6. Bxf6 {[%clk 1:32:35]} 6... gxf6 {[%clk 1:32:45]} 7. Qd2 {
[%clk 1:31:35]} 7... f5 {[%clk 1:30:14]} 8. Nc3 {[%clk 1:31:27]} 8... a6 {
[%clk 1:29:57]} 9. g3 {[%clk 1:05:02]} 9... b5 {[%clk 1:20:39]} 10. Bg2 { [%clk
1:03:43]} 10... Ra7 {[%clk 1:20:36]} 11. Qe3 {[%clk 1:01:26]} 11... Nd7 { [%clk
1:12:54]} 12. O-O-O {[%clk 0:53:27]} 12... Bb7 {[%clk 1:07:51]} 13. Bxb7 {[%clk
0:52:31]} 13... Rxb7 {[%clk 1:08:14]} 14. Nh3 {[%clk 0:48:43]} 14... b4 {[%clk
1:04:21]} 15. Na4 {[%clk 0:47:20]} 15... Nf6 {[%clk 1:00:15]} 16. Nf4 { [%clk
0:41:28]} 16... Nd5 {[%clk 0:58:18]} 17. Nxd5 {[%clk 0:38:52]} 17... Qxd5
{[%clk 0:58:44]} 18. Qe5 {[%clk 0:38:13]} 18... Qxe5 {[%clk 0:57:41]} 19. dxe5
{[%clk 0:38:38]} 19... Rb5 {[%clk 0:54:36]} 20. f4 {[%clk 0:34:37]} 20... h5 {
[%clk 0:52:38]} 21. h4 {[%clk 0:33:04]} 21... f6 {[%clk 0:51:24]} 22. exf6 {
[%clk 0:30:50]} 22... Bd6 {[%clk 0:51:33]} 23. Rd3 {[%clk 0:26:24]} 1/2-1/2

[Event "DEM U18 2018"]
[Site "Willingen GER"]
[Date "2018.05.26"]
[Round "9"]
[White "Schlick, Stefan"]
[Black "Kololli, Martin"]
[Result "0-1"]
[Termination "normal"]
[Board "9"]
[WhiteElo "1970"]
[BlackElo "2336"]
[WhiteClock "00:03:12"]
[BlackClock "00:23:39"]
[PlyCount "84"]
[WhiteFideId "16211332"]
[BlackFideId "12936910"]
[EventCountry "GER"]
[EventRounds "9"]
[EventType "swiss"]
[EventDate "2018.05.19"]

1. d4 {[%clk 1:30:58]} 1... Nf6 {[%clk 1:30:55]} 2. c4 {[%clk 1:31:24]} 2... c5
{[%clk 1:31:18]} 3. d5 {[%clk 1:31:23]} 3... b5 {[%clk 1:31:42]} 4. cxb5 {
[%clk 1:31:50]} 4... a6 {[%clk 1:32:06]} 5. f3 {[%clk 1:31:48]} 5... axb5 {
[%clk 1:32:06]} 6. e4 {[%clk 1:32:10]} 6... Qa5+ {[%clk 1:31:43]} 7. Bd2 {
[%clk 1:32:31]} 7... b4 {[%clk 1:32:06]} 8. Na3 {[%clk 1:32:57]} 8... d6 {
[%clk 1:30:04]} 9. Nc4 {[%clk 1:32:53]} 9... Qc7 {[%clk 1:27:05]} 10. a3 {
[%clk 1:32:56]} 10... bxa3 {[%clk 1:27:22]} 11. Rxa3 {[%clk 1:32:33]} 11...
Rxa3 {[%clk 1:27:45]} 12. bxa3 {[%clk 1:33:01]} 12... g6 {[%clk 1:26:40]} 13.
Qa4+ {[%clk 1:11:29]} 13... Nbd7 {[%clk 1:24:30]} 14. Qc6 {[%clk 1:03:02]}
14... Qb8 {[%clk 1:22:56]} 15. Nb6 {[%clk 1:01:45]} 15... Bb7 {[%clk 1:19:33]}
16. Qa4 {[%clk 0:58:56]} 16... Bg7 {[%clk 1:18:15]} 17. Bb5 {[%clk 0:52:02]}
17... Bc8 {[%clk 1:14:39]} 18. Nxc8 {[%clk 0:49:13]} 18... Qxc8 {[%clk 1:12:37]
} 19. Ne2 {[%clk 0:49:32]} 19... O-O {[%clk 1:12:42]} 20. O-O {[%clk 0:47:53]}
20... Qc7 {[%clk 1:11:21]} 21. Qc2 {[%clk 0:46:52]} 21... Qa7 {[%clk 1:08:38]}
22. Qc1 {[%clk 0:41:57]} 22... Rb8 {[%clk 1:03:20]} 23. a4 {[%clk 0:40:12]}
23... Ne5 {[%clk 0:57:44]} 24. Be3 {[%clk 0:38:54]} 24... Ne8 {[%clk 0:56:46]}
25. Nc3 {[%clk 0:39:04]} 25... Nc7 {[%clk 0:56:36]} 26. Be2 {[%clk 0:38:21]}
26... Qa5 {[%clk 0:51:08]} 27. Nb5 {[%clk 0:36:12]} 27... Na6 {[%clk 0:44:45]}
28. Qd1 {[%clk 0:33:00]} 28... Nb4 {[%clk 0:43:51]} 29. Na3 {[%clk 0:30:27]}
29... Na2 {[%clk 0:38:44]} 30. Bd2 {[%clk 0:19:40]} 30... Nc3 {[%clk 0:33:53]}
31. Kh1 {[%clk 0:16:17]} 31... Qxa4 {[%clk 0:32:26]} 32. Qxa4 {[%clk 0:10:23]}
32... Nxa4 {[%clk 0:32:39]} 33. f4 {[%clk 0:09:23]} 33... Nd7 {[%clk 0:31:49]}
34. Bb5 {[%clk 0:08:50]} 34... Nab6 {[%clk 0:31:49]} 35. Rf3 {[%clk 0:07:34]}
35... Ra8 {[%clk 0:30:38]} 36. h3 {[%clk 0:07:09]} 36... Bb2 {[%clk 0:27:57]}
37. Nc4 {[%clk 0:06:24]} 37... Nxc4 {[%clk 0:27:39]} 38. Bxc4 {[%clk 0:06:44]}
38... Nf6 {[%clk 0:24:48]} 39. Rb3 {[%clk 0:03:42]} 39... Bd4 {[%clk 0:24:51]}
40. Bd3 {[%clk 0:03:04]} 40... c4 {[%clk 0:22:51]} 41. Bxc4 {[%clk 0:02:47]}
41... Ra1+ {[%clk 0:23:14]} 42. Kh2 {[%clk 0:03:12]} 42... Bg1+ {[%clk 0:23:39]
} 0-1

[Event "DEM U18 2018"]
[Site "Willingen GER"]
[Date "2018.05.26"]
[Round "9"]
[White "Fieberg, Samuel"]
[Black "Gelman, Josef"]
[Result "1-0"]
[Termination "normal"]
[Board "10"]
[WhiteTitle "FM"]
[WhiteElo "2248"]
[BlackElo "1962"]
[WhiteClock "00:09:35"]
[BlackClock "00:46:58"]
[PlyCount "93"]
[WhiteFideId "12901717"]
[BlackFideId "12959642"]
[EventCountry "GER"]
[EventRounds "9"]
[EventType "swiss"]
[EventDate "2018.05.19"]

1. e4 {[%clk 1:30:57]} 1... c6 {[%clk 1:30:58]} 2. d4 {[%clk 1:31:15]} 2... d5
{[%clk 1:31:26]} 3. e5 {[%clk 1:31:39]} 3... c5 {[%clk 1:31:55]} 4. dxc5 {
[%clk 1:32:03]} 4... e6 {[%clk 1:32:23]} 5. a3 {[%clk 1:32:23]} 5... Bxc5 {
[%clk 1:32:46]} 6. b4 {[%clk 1:32:31]} 6... Bb6 {[%clk 1:33:14]} 7. Qg4 { [%clk
1:29:13]} 7... Kf8 {[%clk 1:32:36]} 8. Bd3 {[%clk 1:26:04]} 8... a5 { [%clk
1:31:49]} 9. b5 {[%clk 1:15:00]} 9... Nd7 {[%clk 1:31:50]} 10. Nf3 { [%clk
1:15:15]} 10... Ne7 {[%clk 1:29:02]} 11. O-O {[%clk 1:14:34]} 11... Ng6 { [%clk
1:28:50]} 12. Bb2 {[%clk 1:11:23]} 12... Nc5 {[%clk 1:26:54]} 13. a4 { [%clk
1:11:10]} 13... Nxd3 {[%clk 1:18:22]} 14. cxd3 {[%clk 1:11:36]} 14... h5 {[%clk
1:09:00]} 15. Qg3 {[%clk 1:11:37]} 15... h4 {[%clk 1:08:38]} 16. Qg4 { [%clk
1:12:00]} 16... h3 {[%clk 1:09:07]} 17. g3 {[%clk 1:11:06]} 17... d4 { [%clk
1:09:26]} 18. Nbd2 {[%clk 1:09:46]} 18... Qd5 {[%clk 1:08:26]} 19. Rfe1 { [%clk
1:08:07]} 19... Bc5 {[%clk 1:08:23]} 20. Bxd4 {[%clk 1:05:57]} 20... b6 { [%clk
1:07:31]} 21. Bxc5+ {[%clk 1:04:05]} 21... Qxc5 {[%clk 1:07:34]} 22. Rac1
{[%clk 0:56:57]} 22... Qd5 {[%clk 1:06:32]} 23. Re4 {[%clk 0:49:50]} 23... Bb7
{[%clk 1:02:52]} 24. Re3 {[%clk 0:39:09]} 24... Rd8 {[%clk 0:56:19]} 25. Nc4 {
[%clk 0:31:15]} 25... Rc8 {[%clk 0:54:55]} 26. Rce1 {[%clk 0:30:20]} 26... Qd8
{[%clk 0:53:01]} 27. Nd6 {[%clk 0:24:01]} 27... Rc7 {[%clk 0:51:20]} 28. Nxb7 {
[%clk 0:19:18]} 28... Rxb7 {[%clk 0:51:43]} 29. Ng5 {[%clk 0:18:36]} 29... Qd5
{[%clk 0:50:52]} 30. Nxh3 {[%clk 0:18:34]} 30... Ne7 {[%clk 0:51:03]} 31. Nf4 {
[%clk 0:18:19]} 31... Qc5 {[%clk 0:49:51]} 32. Nxe6+ {[%clk 0:16:23]} 32...
fxe6 {[%clk 0:50:06]} 33. Qf3+ {[%clk 0:16:48]} 33... Nf5 {[%clk 0:49:13]} 34.
Qxb7 {[%clk 0:17:12]} 34... Nxe3 {[%clk 0:49:41]} 35. Rxe3 {[%clk 0:16:19]}
35... Rh5 {[%clk 0:49:38]} 36. g4 {[%clk 0:15:42]} 36... Rh6 {[%clk 0:48:28]}
37. Rf3+ {[%clk 0:15:34]} 37... Kg8 {[%clk 0:48:45]} 38. Qa8+ {[%clk 0:09:39]}
38... Kh7 {[%clk 0:48:50]} 39. Qe4+ {[%clk 0:09:38]} 39... Kg8 {[%clk 0:48:54]}
40. Qe3 {[%clk 0:09:40]} 40... Qb4 {[%clk 0:48:29]} 41. Rf4 {[%clk 0:09:47]}
41... Qa3 {[%clk 0:47:52]} 42. Kg2 {[%clk 0:10:02]} 42... Qe7 {[%clk 0:47:23]}
43. h3 {[%clk 0:10:07]} 43... Qc7 {[%clk 0:47:25]} 44. Rc4 {[%clk 0:10:23]}
44... Qb7+ {[%clk 0:47:21]} 45. Qe4 {[%clk 0:10:46]} 45... Qd7 {[%clk 0:46:37]}
46. Rc6 {[%clk 0:10:47]} 46... Qd8 {[%clk 0:46:58]} 47. d4 {[%clk 0:09:35]} 1-0

[Event "DEM U18 2018"]
[Site "Willingen GER"]
[Date "2018.05.26"]
[Round "9"]
[White "Focke, Adrian"]
[Black "Woelk, Tom-Frederic"]
[Result "0-1"]
[Termination "normal"]
[Board "11"]
[WhiteElo "1775"]
[BlackElo "2176"]
[WhiteClock "00:20:48"]
[BlackClock "00:10:10"]
[PlyCount "58"]
[WhiteFideId "12969869"]
[BlackFideId "12993077"]
[EventCountry "GER"]
[EventRounds "9"]
[EventType "swiss"]
[EventDate "2018.05.19"]

1. e4 {[%clk 1:30:53]} 1... c5 {[%clk 1:30:57]} 2. Nf3 {[%clk 1:31:16]} 2... d6
{[%clk 1:31:23]} 3. d4 {[%clk 1:31:38]} 3... cxd4 {[%clk 1:31:49]} 4. Nxd4 {
[%clk 1:32:05]} 4... Nf6 {[%clk 1:32:14]} 5. Nc3 {[%clk 1:32:19]} 5... a6 {
[%clk 1:32:40]} 6. Bc4 {[%clk 1:32:29]} 6... e6 {[%clk 1:33:04]} 7. Bb3 { [%clk
1:32:56]} 7... b5 {[%clk 1:31:44]} 8. Bg5 {[%clk 1:32:19]} 8... Nbd7 { [%clk
1:29:54]} 9. O-O {[%clk 1:30:19]} 9... Bb7 {[%clk 1:27:50]} 10. Re1 { [%clk
1:27:28]} 10... Nc5 {[%clk 1:27:01]} 11. f4 {[%clk 1:23:46]} 11... Be7 { [%clk
1:15:59]} 12. e5 {[%clk 1:18:09]} 12... dxe5 {[%clk 1:16:20]} 13. Rxe5 { [%clk
1:16:59]} 13... h6 {[%clk 1:00:09]} 14. Bh4 {[%clk 1:15:36]} 14... O-O { [%clk
0:45:19]} 15. f5 {[%clk 1:09:11]} 15... Nfd7 {[%clk 0:31:02]} 16. Bxe7 { [%clk
1:07:31]} 16... Qxe7 {[%clk 0:30:22]} 17. Re3 {[%clk 1:06:32]} 17... Nxb3
{[%clk 0:24:09]} 18. Nxb3 {[%clk 1:04:31]} 18... Nc5 {[%clk 0:17:40]} 19. fxe6
{[%clk 0:55:49]} 19... Nxe6 {[%clk 0:16:14]} 20. Qe1 {[%clk 0:48:59]} 20...
Rac8 {[%clk 0:15:35]} 21. a3 {[%clk 0:44:24]} 21... Rfd8 {[%clk 0:15:14]} 22.
Rg3 {[%clk 0:37:03]} 22... Qc7 {[%clk 0:14:34]} 23. Rd1 {[%clk 0:35:59]} 23...
a5 {[%clk 0:13:28]} 24. Rxd8+ {[%clk 0:29:23]} 24... Rxd8 {[%clk 0:13:54]} 25.
Qc1 {[%clk 0:23:59]} 25... b4 {[%clk 0:09:50]} 26. axb4 {[%clk 0:24:10]} 26...
axb4 {[%clk 0:10:19]} 27. Ne2 {[%clk 0:24:05]} 27... Qc4 {[%clk 0:10:07]} 28.
Re3 {[%clk 0:21:34]} 28... Qg4 {[%clk 0:09:47]} 29. Qf1 {[%clk 0:20:48]} 29...
Rd1 {[%clk 0:10:10]} 0-1

[Event "DEM U18 2018"]
[Site "Willingen GER"]
[Date "2018.05.26"]
[Round "9"]
[White "Oberhofer, Cédric"]
[Black "Weller, Uli"]
[Result "1/2-1/2"]
[Termination "normal"]
[Board "12"]
[WhiteElo "2158"]
[BlackElo "2062"]
[WhiteClock "00:04:03"]
[BlackClock "00:03:39"]
[PlyCount "67"]
[WhiteFideId "12941220"]
[BlackFideId "12971782"]
[EventCountry "GER"]
[EventRounds "9"]
[EventType "swiss"]
[EventDate "2018.05.19"]

1. d4 {[%clk 1:30:58]} 1... e6 {[%clk 1:30:53]} 2. c4 {[%clk 1:31:23]} 2... d5
{[%clk 1:31:18]} 3. Nf3 {[%clk 1:31:48]} 3... f5 {[%clk 1:31:08]} 4. g3 { [%clk
1:31:54]} 4... Nf6 {[%clk 1:31:23]} 5. Bg2 {[%clk 1:32:19]} 5... c6 { [%clk
1:31:40]} 6. O-O {[%clk 1:31:50]} 6... Bd6 {[%clk 1:31:58]} 7. Qc2 { [%clk
1:31:47]} 7... O-O {[%clk 1:30:59]} 8. Nc3 {[%clk 1:32:05]} 8... Ne4 { [%clk
1:28:12]} 9. Rb1 {[%clk 1:31:55]} 9... Qe7 {[%clk 1:17:31]} 10. b4 { [%clk
1:29:43]} 10... b6 {[%clk 1:00:53]} 11. b5 {[%clk 1:18:11]} 11... Bb7 { [%clk
0:58:15]} 12. bxc6 {[%clk 1:06:55]} 12... Nxc6 {[%clk 0:46:05]} 13. Nb5 { [%clk
0:50:37]} 13... Bb4 {[%clk 0:43:13]} 14. cxd5 {[%clk 0:40:13]} 14... exd5
{[%clk 0:43:21]} 15. Bf4 {[%clk 0:40:29]} 15... Rac8 {[%clk 0:26:51]} 16. Qb3 {
[%clk 0:33:53]} 16... a6 {[%clk 0:21:25]} 17. a3 {[%clk 0:21:26]} 17... Ba5 {
[%clk 0:17:03]} 18. Qxd5+ {[%clk 0:20:39]} 18... Kh8 {[%clk 0:16:03]} 19. Nd6 {
[%clk 0:20:57]} 19... Rcd8 {[%clk 0:13:40]} 20. Nxf5 {[%clk 0:21:17]} 20... Qe8
{[%clk 0:11:24]} 21. Nxg7 {[%clk 0:17:31]} 21... Kxg7 {[%clk 0:08:22]} 22. Be5+
{[%clk 0:14:42]} 22... Nxe5 {[%clk 0:06:06]} 23. Qxb7+ {[%clk 0:13:16]} 23...
Nf7 {[%clk 0:05:46]} 24. Qxa6 {[%clk 0:12:31]} 24... Nfd6 {[%clk 0:04:36]} 25.
Rbc1 {[%clk 0:10:58]} 25... Rc8 {[%clk 0:03:11]} 26. Qd3 {[%clk 0:10:31]} 26...
Nc3 {[%clk 0:02:22]} 27. Rc2 {[%clk 0:08:39]} 27... Qb5 {[%clk 0:02:10]} 28.
Qe3 {[%clk 0:07:58]} 28... Rce8 {[%clk 0:02:18]} 29. Ne5 {[%clk 0:08:17]} 29...
Nc4 {[%clk 0:01:59]} 30. Qg5+ {[%clk 0:05:06]} 30... Kh8 {[%clk 0:02:28]} 31.
Ng6+ {[%clk 0:03:21]} 31... hxg6 {[%clk 0:02:51]} 32. Qh6+ {[%clk 0:03:39]}
32... Kg8 {[%clk 0:03:14]} 33. Qxg6+ {[%clk 0:04:03]} 33... Kh8 {[%clk 0:03:39]
} 34. Qh6+ 1/2-1/2

[Event "DEM U18 2018"]
[Site "Willingen GER"]
[Date "2018.05.26"]
[Round "9"]
[White "Heldt, Nils-Lennart"]
[Black "Schmohel, Andreas"]
[Result "1/2-1/2"]
[Termination "normal"]
[Board "13"]
[WhiteElo "2070"]
[BlackElo "1782"]
[WhiteClock "00:30:40"]
[BlackClock "00:06:48"]
[PlyCount "69"]
[WhiteFideId "12952109"]
[BlackFideId "16228006"]
[EventCountry "GER"]
[EventRounds "9"]
[EventType "swiss"]
[EventDate "2018.05.19"]

1. e4 {[%clk 1:00:40]} 1... e5 {[%clk 1:30:46]} 2. Nf3 {[%clk 1:01:06]} 2...
Nc6 {[%clk 1:31:05]} 3. Bb5 {[%clk 1:01:33]} 3... a6 {[%clk 1:31:28]} 4. Bxc6 {
[%clk 1:01:58]} 4... dxc6 {[%clk 1:31:54]} 5. O-O {[%clk 1:02:21]} 5... Bd6 {
[%clk 1:32:21]} 6. d4 {[%clk 1:02:47]} 6... exd4 {[%clk 1:32:47]} 7. Qxd4 {
[%clk 1:03:08]} 7... f6 {[%clk 1:33:08]} 8. h3 {[%clk 1:02:37]} 8... Be6 {
[%clk 1:32:14]} 9. Nc3 {[%clk 1:01:03]} 9... Ne7 {[%clk 1:31:42]} 10. Be3 {
[%clk 0:58:57]} 10... c5 {[%clk 1:28:20]} 11. Qd2 {[%clk 0:58:11]} 11... Qd7 {
[%clk 1:27:10]} 12. Bf4 {[%clk 0:57:37]} 12... O-O-O {[%clk 1:20:55]} 13. Rad1
{[%clk 0:57:12]} 13... g5 {[%clk 1:07:17]} 14. Bxd6 {[%clk 0:56:42]} 14... cxd6
{[%clk 1:07:03]} 15. b4 {[%clk 0:56:37]} 15... g4 {[%clk 0:57:52]} 16. Nh4 {
[%clk 0:55:32]} 16... gxh3 {[%clk 0:56:04]} 17. g3 {[%clk 0:55:56]} 17... Ng6 {
[%clk 0:51:24]} 18. Nxg6 {[%clk 0:54:31]} 18... h2+ {[%clk 0:51:39]} 19. Kh1 {
[%clk 0:54:45]} 19... hxg6 {[%clk 0:51:30]} 20. bxc5 {[%clk 0:54:05]} 20... Bh3
{[%clk 0:48:59]} 21. Rfe1 {[%clk 0:53:23]} 21... Bg4 {[%clk 0:47:54]} 22. Qe3 {
[%clk 0:52:45]} 22... Bxd1 {[%clk 0:46:29]} 23. Rxd1 {[%clk 0:53:10]} 23... Qc6
{[%clk 0:34:45]} 24. cxd6 {[%clk 0:50:14]} 24... Rxd6 {[%clk 0:34:31]} 25. Nd5
{[%clk 0:49:41]} 25... Re8 {[%clk 0:28:34]} 26. Qa7 {[%clk 0:48:12]} 26... Rxe4
{[%clk 0:22:49]} 27. Qa8+ {[%clk 0:47:29]} 27... Kd7 {[%clk 0:23:09]} 28. f3 {
[%clk 0:43:54]} 28... Ree6 {[%clk 0:14:21]} 29. c4 {[%clk 0:43:23]} 29... b5 {
[%clk 0:12:08]} 30. Qa7+ {[%clk 0:39:44]} 30... Kc8 {[%clk 0:12:02]} 31. Kxh2 {
[%clk 0:36:58]} 31... bxc4 {[%clk 0:06:58]} 32. Rb1 32... Re2+ {[%clk 0:06:38]}
33. Kg1 {[%clk 0:30:21]} 33... Re1+ {[%clk 0:06:48]} 34. Rxe1 {[%clk 0:30:40]}
34... Rxd5 {[%clk 0:06:48]} 35. Qf7 1/2-1/2